Statistics for US State Stepper Maze

Click here to take the quiz!

General Stats

  • This quiz has been taken 82 times
  • The average score is 10 of 19

Answer Stats

StepNext State% Correct
Step 1: First State
(Most north-westerly, contiguous)
{Washington}
100%
... Step 2{Idaho}, Oregon
87%
... Step 5California, Colorado, {New Mexico}, Utah
60%
... Step 6Colorado, Kansas, {Oklahoma}, Texas, Utah
60%
... Step 3Montana, {Nevada}, Oregon, Utah, Wyoming
60%
... Step 4{Arizona}, California, Oregon, Utah
58%
... Step 9{Alabama}, Louisiana, Tennessee
56%
... Step 8Louisiana, {Mississippi}, Missouri, Tennessee, Texas
56%
... Step 10Florida, {Georgia}, Tennessee
55%
... Step 11Florida, {North Carolina}, South Carolina, Tennessee
50%
... Step 7{Arkansas}, Colorado, Kansas, Missouri, Texas
47%
... Step 12South Carolina, Tennessee, {Virginia}
44%
... Step 13DC, Maryland, {Kentucky}, Tennessee, West Virginia
39%
... Step 14Illinois, Indiana, Missouri, {Ohio}, Tennessee, West Virginia
39%
... Step 16Delaware, Maryland, New Jersey, {New York} , West Virginia
34%
Step 19: Last State{Maine}, Massachusetts
32%
... Step 17Connecticut, Massachusetts, New Jersey, Rhode Island, {Vermont}
31%
... Step 15Indiana, Michigan, {Pennsylvania}, West Virginia
29%
... Step 18Massachusetts, {New Hampshire}
29%

Score Distribution

Percentile by Number Answered

Percent of People with Each Score

Your Score History

You have not taken this quiz